| 000 | 00357nam a2200121 4500 | ||
|---|---|---|---|
| 999 |
_c10690 _d10690 |
||
| 003 | OSt | ||
| 005 | 20220518135025.0 | ||
| 008 | 220518b ||||| |||| 00| 0 eng d | ||
| 082 | _a720.9548 | ||
| 245 | _aThe city beautiful/A celebration of the architectural heritage and city-aesthetics of Bangalore | ||
| 260 | _bBangalore urban art commission | ||
| 942 | _2ddc | ||